| 000 | 01470nam a2200337Ia 4500 | ||
|---|---|---|---|
| 001 | ebr10035313 | ||
| 003 | CaPaEBR | ||
| 006 | m u | ||
| 007 | cr cn||||||||| | ||
| 008 | 980928s1999 enka sb 001 0 eng d | ||
| 010 | _z 98045760 | ||
| 020 | _z0415190371 | ||
| 040 |
_aCaPaEBR _cCaPaEBR |
||
| 035 | _a(OCoLC)55641345 | ||
| 050 | 1 | 4 |
_aJF1525.A8 _bR46 1999eb |
| 082 | 0 | 4 |
_a352.3/57/0285 _221 |
| 245 | 0 | 0 |
_aReinventing government in the information age _h[electronic resource] : _binternational practice in IT-enabled public sector reform / _cedited by Richard Heeks. |
| 260 |
_aLondon ; _aNew York : _bRoutledge, _c1999. |
||
| 300 |
_axxi, 386 p. : _bill. |
||
| 490 | 1 | _aRoutledge research in information technology and society | |
| 504 | _aIncludes bibliographical references and index. | ||
| 533 |
_aElectronic reproduction. _bPalo Alto, Calif. : _cebrary, _d2013. _nAvailable via World Wide Web. _nAccess may be limited to ebrary affiliated libraries. |
||
| 650 | 0 |
_aPublic administration _xData processing. |
|
| 650 | 0 |
_aAdministrative agencies _xData processing _vCase studies. |
|
| 650 | 0 |
_aInformation technology _xPolitical aspects. |
|
| 655 | 7 |
_aElectronic books. _2local |
|
| 700 | 1 | _aHeeks, Richard. | |
| 710 | 2 | _aebrary, Inc. | |
| 830 | 0 | _aRoutledge research in information technology and society. | |
| 856 | 4 | 0 |
_uhttp://site.ebrary.com/lib/rucke/Doc?id=10035313 _zAn electronic book accessible through the World Wide Web; click to view |
| 999 |
_c57980 _d57980 |
||